Jethro Tull - Every UK & US Hit Single - Statistics

General Stats
  • This quiz has been taken 9 times
  • The average score is 10 of 22
Answer Stats
Album Song UK Peak Chart Position US Peak Chart Position Year of Hit % Correct
- Living in the Past 3 - 1969
86%
Living in the Past Living in the Past - 11 1973
86%
A Little Light Music Living in the Past 32 - 1993
86%
Aqualung Locomotive Breath - 62 1976
86%
A Passion Play A Passion Play - 80 1973
71%
War Child Bungle in the Jungle - 12 1975
71%
Minstrel in the Gallery Minstrel in the Gallery - 79 1975
57%
Aqualung Hymn 43 - 91 1971
43%
Songs from the Wood Ring Out, Solstice Bells 28 - 1976
43%
Crest of a Knave Steel Monkey 84 - 1987
43%
- Sweet Dream 7 - 1969
43%
- Teacher 4 - 1970
43%
- The Jethro Tull Christmas EP 78 - 2004
43%
- The Witch's Promise 4 - 1970
43%
Rock Island Another Christmas Song 95 - 1989
29%
Under Wraps Lap of Luxury 70 - 1984
29%
- Love Story 29 - 1969
29%
Catfish Rising Rocks on the Road 47 - 1992
29%
Songs from the Wood The Whistler - 59 1977
29%
- Life Is a Long Song 11 - 1971
14%
Crest of a Knave Said She Was a Dancer 55 - 1988
14%
- Up the Pool 11 - 1971
14%
No matching quizzes found
Score Distribution
Percent of People with Each Score
Percentile by Number Answered
Your Score History
You have not taken this quiz